000 00517nam a2200193 a 4500
005 20240806063905.0
008 991125s1947 mx 000 0 spa u
035 _aUPN01000057634
049 _aCG
050 4 _aPQ7297 M683
100 1 _aMoreno Cantón, Delio
245 1 3 _aEl último esfuerzo /
_cDelio Moreno Cantón
260 _aMéxico :
_bZamná,
_c1947
300 _a166 p
600 1 4 _aMORENO CANTON, DELIO,-
_d1863-1916
650 4 _aLiteratura mexicana
_94466
904 _aAC
_b057637
905 _aLibro
999 _c57634
_d57634